Match Sheet : Barcelona 6-1 PSG - Statistics

General Stats
  • This quiz has been taken 292 times
  • The average score is 14 of 22
Answers on the Map
Answers color-coded by a green-red scale on the quiz's map according to % correct below.
 
Answer Stats
Answer % Correct
Lionel Messi
97%
Neymar
96%
Luis Suárez
95%
Edinson Cavani
90%
Gerard Piqué
90%
Marc-André Ter Stegen
90%
Andrés Iniesta
82%
Sergio Busquets
81%
Marquinhos
71%
Thiago Silva
68%
Kevin Trapp
64%
Ivan Rakitić
58%
Javier Mascherano
54%
Layvin Kurzawa
48%
Samuel Umtiti
48%
Julian Draxler
46%
Marco Verrati
40%
Blaise Matuidi
39%
Thomas Meunier
35%
Adrien Rabiot
29%
Rafinha
25%
Lucas Moura
22%
No matching quizzes found
Score Distribution
Percent of People with Each Score
Percentile by Number Answered
Your Score History
You have not taken this quiz